[Event "Veteranen- en  Seniorenkampioenschap 20"]
[Site "Oosterbeek, Netherlands"]
[Date "2010.07.16"]
[Round "7"]
[White "Scheeren, Fred"]
[Black "Monté, Peter"]
[Result "0-1"]
[WhiteElo "2005"]
[BlackElo "2007"]
[PlyCount "72"]
[EventDate "2010.??.??"]

1. e4 e6 2. d3 d5 3. Nd2 Nf6 4. Ngf3 Nc6 5. g3 dxe4 6. dxe4 e5 7. Bg2 Bc5 8.
O-O O-O 9. Qe2 a5 10. Nb3 Bb6 11. c3 h6 12. Be3 Bxe3 13. Qxe3 b6 14. h3 Be6 15.
Rfd1 Qe7 16. Nh4 Rfd8 17. Nf5 Qf8 18. f4 a4 19. Nd2 Ra5 20. fxe5 Nxe5 21. Nd4
Bc8 22. N2f3 Bb7 23. Nxe5 Rxe5 24. Qf4 Rde8 25. Kh2 Bxe4 26. Bxe4 Nxe4 27. c4
Qb4 28. b3 Qc3 29. Rac1 Qb2+ 30. Rc2 Qa3 31. Nc6 R5e6 32. Qxc7 axb3 33. axb3
Ng5 34. Rf2 Qxb3 35. Rdf1 Re2 36. Qf4 R8e4 0-1